| 000 | 00505nam a2200145Ia 4500 | ||
|---|---|---|---|
| 008 | 140724s9999 xx 000 0 und d | ||
| 050 |
_aBF 698 _b.Ag283 2013 |
||
| 100 | _aAguilar, Adelbert. | ||
| 245 |
_aLeadership profile of the selected student leaders of C.A.A. National High School / _cAdelbert Aguilar. |
||
| 260 |
_aLas PiƱas, Philippines : _bSouthville International School and Colleges, _cc2013. |
||
| 300 |
_a35 p. : _bill. ; _c28 cm. |
||
| 521 | _aPsychology | ||
| 942 | _cTH | ||
| 999 |
_c229355 _d229355 |
||